The Smallest Man Who Ever Lived bright + outro lyrics - Statistics

General Stats
  • This quiz has been taken 7 times
  • The average score is 69 of 143
Answer Stats
Answer % Correct
a
100%
all
50%
And
50%
and
50%
are
50%
be
50%
bed?
50%
book?
50%
boring
50%
but
50%
But
50%
by
50%
car
50%
'Cause
50%
cell
50%
confess
50%
crashed
50%
dead?
50%
declassified?
50%
deserve
50%
Did
50%
did
50%
died
50%
ever
50%
fifty
50%
for
50%
forbidden
50%
forget
50%
forgive
50%
get
50%
girls
50%
gone
50%
"Good
50%
gun
50%
hid
50%
I
50%
I'll
50%
In
50%
in
50%
inside
50%
it
50%
just
50%
kicked
50%
lived
50%
man
50%
me
50%
morning
50%
my
50%
never
50%
normal
50%
our
50%
out
50%
party
50%
performing
50%
plain
50%
prison
50%
rental
50%
riddance"
50%
said
50%
say,
50%
sent
50%
sexy
50%
sight
50%
sins,
50%
sleep
50%
sleeper
50%
smallest
50%
someone
50%
spy?
50%
stage
50%
still
50%
the
50%
The
50%
this
50%
time
50%
underneath
50%
wanted
50%
wasn't
50%
Were
50%
were
50%
what
50%
Where
50%
who
50%
why
50%
will
50%
with
50%
won't
50%
wouldve
50%
writin'
50%
years,
50%
you
50%
You
50%
you,
50%
you'll
50%
You'll
50%
your
50%
you're
50%
bars
0%
inboxes
0%
instead,
0%
into
0%
lights,
0%
once
0%
slide
0%
slip
0%
through
0%
No matching quizzes found
Score Distribution
Percent of People with Each Score
Percentile by Number Answered
Your Score History
You have not taken this quiz